00340nam a2200133Ia 4500008004100000020001500041041001200056082001600068100001400084245005100098260003300149300000800182650001600190221030s9999 xx 000 0 und d a8173192715 aEnglish a105.23bJal aP. Jalote 3aAn Integrated Approach To Software Engineering bNarosa Pub.aNew Delhic1997 a497 aBE Computer